[Event "PMPJ 2022 - C17"]
[Site "Jastrzebia Gora"]
[Date "2022.11.08"]
[Round "4.20"]
[White "Szafranski, Maciej"]
[Black "Sewera, Wiktor"]
[Result "1-0"]
[BlackElo "1425"]
[WhiteElo "1511"]
[LiveChessVersion "1.4.8"]

1. e4 {[%clk 1:30:57]} e6 2. d4 d5 {[%clk 1:31:22]} 3. Nc3 {[%clk 1:31:33]} Bb4
4. e5 {[%clk 1:31:41]} c5 {[%clk 1:32:02]} 5. a3 {[%clk 1:32:00]} Bxc3+
{[%clk 1:32:22]} 6. bxc3 {[%clk 1:32:22]} Ne7 {[%clk 1:32:43]} 7. Qg4
{[%clk 1:31:01]} Qc7 {[%clk 1:32:56]} 8. Bd2 {[%clk 1:25:03]} Nbc6
{[%clk 1:31:19]} 9. Nf3 {[%clk 1:23:41]} Bd7 {[%clk 1:15:01]} 10. Be2
{[%clk 1:01:39]} O-O-O {[%clk 1:14:11]} 11. O-O {[%clk 1:01:05]} Ng6
{[%clk 1:09:36]} 12. Rfe1 {[%clk 0:48:07]} c4 13. Ng5 {[%clk 0:42:57]} Rdf8
{[%clk 1:03:36]} 14. f4 h5 {[%clk 1:01:35]} 15. Qg3 {[%clk 0:41:17]} h4
{[%clk 1:01:21]} 16. Qg4 {[%clk 0:41:39]} f5 {[%clk 0:59:11]} 17. Qf3
{[%clk 0:40:55]} Nd8 {[%clk 0:56:30]} 18. a4 {[%clk 0:37:19]} Nf7
{[%clk 0:55:54]} 19. Nh3 {[%clk 0:36:06]} Rfg8 {[%clk 0:54:39]} 20. a5
{[%clk 0:35:01]} Nf8 {[%clk 0:54:18]} 21. Ng5 {[%clk 0:34:20]} Nxg5
{[%clk 0:53:59]} 22. fxg5 {[%clk 0:34:45]} g6 {[%clk 0:53:24]} 23. h3
{[%clk 0:33:46]} Bc6 {[%clk 0:48:11]} 24. Reb1 {[%clk 0:32:31]} Qd8
{[%clk 0:43:05]} 25. a6 {[%clk 0:32:31]} b5 {[%clk 0:42:51]} 26. Qf1
{[%clk 0:29:42]} Nd7 {[%clk 0:42:23]} 27. Qc1 {[%clk 0:27:48]} Nb8
{[%clk 0:37:07]} 28. Qa3 {[%clk 0:25:29]} Qb6 {[%clk 0:34:30]} 29. Qd6
{[%clk 0:21:23]} Re8 {[%clk 0:34:23]} 30. Qa3 {[%clk 0:21:44]} Bd7
{[%clk 0:31:35]} 31. Bc1 {[%clk 0:15:07]} Kc7 {[%clk 0:31:03]} 32. Qa2
{[%clk 0:15:20]} Bc8 {[%clk 0:28:57]} 33. Ba3 {[%clk 0:15:46]} Nxa6
{[%clk 0:27:20]} 34. Bd6+ {[%clk 0:14:38]} Kc6 {[%clk 0:24:58]} 35. Qa3
{[%clk 0:13:05]} Rh7 {[%clk 0:22:47]} 36. Rb2 {[%clk 0:12:28]} Kb7 37. Bc5
{[%clk 0:10:40]} Qc6 {[%clk 0:17:47]} 38. Qa5 {[%clk 0:10:57]} Bd7
{[%clk 0:17:17]} 39. Rba2 {[%clk 0:09:29]} Nxc5 {[%clk 0:16:53]} 40. Qxa7+
{[%clk 0:09:41]} Kc8 {[%clk 0:17:05]} 41. dxc5 {[%clk 0:09:57]} Kd8
{[%clk 0:15:32]} 42. Ra6 {[%clk 0:08:58]} Qc7 {[%clk 0:12:39]} 43. Qxc7+
{[%clk 0:09:14]} Kxc7 {[%clk 0:13:03]} 44. Ra7+ {[%clk 0:09:43]} Kd8
{[%clk 0:10:26]} 45. c6 {[%clk 0:10:06]} Ree7 {[%clk 0:10:22]} 46. cxd7
{[%clk 0:10:03]} Rxd7 {[%clk 0:10:38]} 47. Rxd7+ {[%clk 0:10:28]} Rxd7
{[%clk 0:11:02]} 48. Ra6 {[%clk 0:10:57]} Ke7 {[%clk 0:10:04]} 49. Bf3
{[%clk 0:09:01]} Rb7 {[%clk 0:08:55]} 50. Kf2 {[%clk 0:08:47]} b4
{[%clk 0:08:54]} 51. cxb4 {[%clk 0:09:12]} Rxb4 {[%clk 0:09:11]} 52. Ke3
{[%clk 0:09:02]} Rb7 {[%clk 0:08:19]} 53. Kd4 {[%clk 0:08:37]} Kf7
{[%clk 0:07:34]} 54. Rxe6 {[%clk 0:09:07]} Rb2 {[%clk 0:07:35]} 55. Bxd5
{[%clk 0:09:28]} Rxc2 56. Rc6+ Kg7 {[%clk 0:07:48]} 57. Rxc4 {[%clk 0:09:52]}
Rd2+ {[%clk 0:07:39]} 58. Kc5 {[%clk 0:10:19]} Rb2 {[%clk 0:06:41]} 59. Rxh4
{[%clk 0:10:34]} Rb1 {[%clk 0:06:49]} 60. Rc4 Rb8 {[%clk 0:06:56]} 61. Bc6
{[%clk 0:10:13]} Kf7 62. Kd6 {[%clk 0:10:08]} Rd8+ {[%clk 0:06:36]} 63. Bd7 Ra8
{[%clk 0:06:21]} 64. Be6+ {[%clk 0:10:52]} Kg7 {[%clk 0:06:25]} 65. Rc7+
{[%clk 0:11:19]} Kf8 {[%clk 0:06:43]} 66. Rc8+ {[%clk 0:11:45]} Rxc8
{[%clk 0:07:08]} 67. Bxc8 {[%clk 0:12:40]} Ke8 68. e6 1-0

[Event "PMPJ 2022 - C17"]
[Site "Jastrzebia Gora"]
[Date "2022.11.08"]
[Round "4.21"]
[White "Witkowski, Jedrzej"]
[Black "Komisarski, Jerzy"]
[Result "1/2-1/2"]
[BlackElo "1397"]
[WhiteElo "1463"]
[LiveChessVersion "1.4.8"]

1. e4 {[%clk 1:30:56]} e5 {[%clk 1:30:48]} 2. f4 {[%clk 1:31:13]} d5
{[%clk 1:31:09]} 3. exd5 {[%clk 1:31:37]} c6 {[%clk 1:31:30]} 4. Qe2
{[%clk 1:31:07]} cxd5 {[%clk 1:23:56]} 5. fxe5 {[%clk 1:30:49]} Nc6
{[%clk 1:22:26]} 6. Nf3 {[%clk 1:29:36]} Bg4 {[%clk 1:22:08]} 7. Qf2
{[%clk 1:25:02]} Bxf3 {[%clk 1:18:20]} 8. Qxf3 {[%clk 1:24:49]} Nxe5
{[%clk 1:17:45]} 9. Bb5+ {[%clk 1:25:05]} Nc6 {[%clk 1:15:57]} 10. Nc3
{[%clk 0:59:22]} Nf6 {[%clk 1:13:51]} 11. O-O {[%clk 0:51:31]} Bc5+
{[%clk 1:12:50]} 12. Kh1 {[%clk 0:49:36]} O-O {[%clk 1:13:15]} 13. Bxc6
{[%clk 0:45:21]} bxc6 {[%clk 1:12:56]} 14. d3 {[%clk 0:45:02]} Qd7
{[%clk 1:07:23]} 15. h3 {[%clk 0:39:35]} Rab8 {[%clk 1:03:25]} 16. Ne2
{[%clk 0:27:57]} Ne8 {[%clk 0:59:59]} 17. d4 {[%clk 0:27:39]} Bd6
{[%clk 0:59:25]} 18. c3 {[%clk 0:27:33]} Nf6 {[%clk 0:56:08]} 19. Ng3
{[%clk 0:24:47]} Bxg3 {[%clk 0:51:26]} 20. Qxg3 {[%clk 0:25:07]} Ne4
{[%clk 0:51:16]} 21. Qd3 {[%clk 0:24:51]} Qe7 {[%clk 0:45:29]} 22. b4
{[%clk 0:22:20]} Qh4 {[%clk 0:44:23]} 23. Kg1 {[%clk 0:20:17]} Qg3
{[%clk 0:42:30]} 24. Qxg3 {[%clk 0:17:13]} Nxg3 {[%clk 0:42:16]} 25. Bf4
{[%clk 0:15:38]} Ne2+ {[%clk 0:41:57]} 26. Kh2 {[%clk 0:15:34]} Nxf4
{[%clk 0:41:59]} 27. Rxf4 {[%clk 0:16:00]} Rbe8 {[%clk 0:42:10]} 28. Rf2
{[%clk 0:15:57]} Re3 {[%clk 0:42:15]} 29. Rc1 {[%clk 0:16:22]} Rfe8
{[%clk 0:40:48]} 30. Rd2 {[%clk 0:14:10]} Re2 {[%clk 0:40:23]} 31. Rcc2
{[%clk 0:14:31]} Rxd2 {[%clk 0:40:34]} 32. Rxd2 {[%clk 0:14:59]} Re3
{[%clk 0:40:50]} 33. Rc2 {[%clk 0:15:26]} f5 {[%clk 0:41:10]} 34. a4
{[%clk 0:13:11]} a6 {[%clk 0:38:24]} 35. c4 {[%clk 0:11:24]} Rb3 {[%clk 0:33:21]}
36. cxd5 {[%clk 0:10:16]} cxd5 {[%clk 0:33:47]} 37. Rc8+ {[%clk 0:08:49]} Kf7
{[%clk 0:34:11]} 38. Rb8 {[%clk 0:09:16]} a5 {[%clk 0:31:58]} 39. Rb7+
{[%clk 0:07:40]} Kf8 {[%clk 0:31:52]} 40. Rb5 {[%clk 0:05:28]} Rxb4
{[%clk 0:29:08]} 41. Rxb4 {[%clk 0:05:43]} axb4 {[%clk 0:29:32]} 42. a5
{[%clk 0:06:06]} b3 {[%clk 0:29:52]} 43. a6 {[%clk 0:06:29]} b2 {[%clk 0:30:15]}
44. a7 {[%clk 0:06:55]} b1=Q {[%clk 0:30:33]} 45. a8=Q+ {[%clk 0:07:15]} Ke7
{[%clk 0:30:51]} 46. Qxd5 {[%clk 0:07:31]} Qe4 {[%clk 0:29:18]} 47. Qc5+
{[%clk 0:04:56]} Ke6 {[%clk 0:28:38]} 48. Qc8+ {[%clk 0:04:42]} Kf6
{[%clk 0:27:31]} 49. Qf8+ {[%clk 0:02:19]} Kg6 {[%clk 0:27:40]} 50. Qd6+
{[%clk 0:02:23]} Kg5 {[%clk 0:21:18]} 51. d5 {[%clk 0:00:49]} g6 {[%clk 0:17:30]}
52. Qg3+ {[%clk 0:00:55]} Kf6 {[%clk 0:17:44]} 53. Qd6+ {[%clk 0:01:18]} Kf7
{[%clk 0:17:46]} 54. Qc7+ {[%clk 0:01:21]} Kf6 {[%clk 0:17:29]} 1/2-1/2

[Event "PMPJ 2022 - C17"]
[Site "Jastrzebia Gora"]
[Date "2022.11.08"]
[Round "4.22"]
[White "Maciejewski, Adam"]
[Black "Grzechowiak, Kacper"]
[Result "1/2-1/2"]
[BlackElo "1448"]
[WhiteElo "1290"]
[LiveChessVersion "1.4.8"]

1. e4 {[%clk 1:30:58]} c6 {[%clk 1:30:54]} 2. d4 {[%clk 1:31:25]} d5
{[%clk 1:31:23]} 3. e5 {[%clk 1:31:49]} c5 {[%clk 1:31:50]} 4. dxc5
{[%clk 1:32:14]} Nc6 {[%clk 1:32:09]} 5. f4 {[%clk 1:32:38]} e6 {[%clk 1:32:29]}
6. Be3 {[%clk 1:32:58]} d4 {[%clk 1:32:30]} 7. Bf2 {[%clk 1:33:21]} Bxc5
{[%clk 1:32:10]} 8. Nd2 {[%clk 1:33:42]} Nge7 {[%clk 1:30:33]} 9. a3
{[%clk 1:33:26]} O-O {[%clk 1:23:16]} 10. Bd3 {[%clk 1:30:47]} Nd5
{[%clk 1:15:23]} 11. Ne4 {[%clk 1:21:10]} Bb6 {[%clk 1:04:47]} 12. Qh5
{[%clk 1:07:26]} g6 {[%clk 0:50:57]} 13. Qh6 {[%clk 1:00:26]} f5 {[%clk 0:39:25]}
14. Bh4 {[%clk 0:54:55]} Qd7 {[%clk 0:34:15]} 15. Nf6+ {[%clk 0:50:55]} Nxf6
{[%clk 0:34:33]} 16. Bxf6 {[%clk 0:50:50]} Bd8 {[%clk 0:33:01]} 17. Bxd8
{[%clk 0:46:48]} Rxd8 {[%clk 0:31:50]} 18. Nf3 {[%clk 0:43:51]} Qg7
{[%clk 0:26:38]} 19. Qxg7+ {[%clk 0:37:35]} Kxg7 {[%clk 0:27:06]} 20. O-O-O
{[%clk 0:37:46]} a6 {[%clk 0:16:32]} 21. Bc4 {[%clk 0:23:16]} b5 {[%clk 0:16:37]}
22. Ba2 {[%clk 0:21:36]} h6 {[%clk 0:14:22]} 23. Rd3 {[%clk 0:20:07]} b4
{[%clk 0:12:41]} 24. Rhd1 {[%clk 0:19:47]} bxa3 {[%clk 0:12:30]} 25. Rxa3
{[%clk 0:19:38]} Rb8 {[%clk 0:07:15]} 26. Bc4 {[%clk 0:16:57]} a5
{[%clk 0:02:30]} 27. Rad3 {[%clk 0:14:05]} Rb4 {[%clk 0:02:01]} 28. b3
{[%clk 0:12:55]} Bb7 {[%clk 0:00:33]} 29. c3 {[%clk 0:12:12]} Rb6
{[%clk 0:00:44]} 30. g3 {[%clk 0:10:06]} a4 {[%clk 0:00:32]} 31. bxa4
{[%clk 0:09:43]} Na5 {[%clk 0:00:34]} 32. Bb5 {[%clk 0:09:27]} Be4
{[%clk 0:00:42]} 33. Re3 {[%clk 0:06:27]} Nb3+ {[%clk 0:00:40]} 34. Kb2
{[%clk 0:06:44]} dxc3+ {[%clk 0:00:59]} 35. Kxb3 {[%clk 0:06:31]} Rxd1
{[%clk 0:01:20]} 36. Rxc3 {[%clk 0:06:47]} Bd5+ {[%clk 0:01:32]} 37. Kb4
{[%clk 0:06:56]} Bxf3 {[%clk 0:00:41]} 38. Rxf3 {[%clk 0:07:07]} g5
{[%clk 0:00:39]} 39. Kc5 {[%clk 0:06:34]} Rb8 {[%clk 0:00:51]} 40. Rb3
{[%clk 0:05:43]} Rd2 {[%clk 0:00:40]} 41. a5 {[%clk 0:04:26]} Rd5+
{[%clk 0:00:37]} 42. Kc6 {[%clk 0:04:38]} Rc8+ {[%clk 0:02:30]} 43. Kb6
{[%clk 0:04:56]} Rb8+ 44. Kc6 Rc8+ 45. Kb7 Rdd8 1/2-1/2

[Event "PMPJ 2022 - C17"]
[Site "Jastrzebia Gora"]
[Date "2022.11.08"]
[Round "4.23"]
[White "Ochalik, Filip"]
[Black "Wiosna, Krzysztof"]
[Result "0-1"]
[BlackElo "1159"]
[WhiteElo "1448"]
[LiveChessVersion "1.4.8"]

1. d4 Nf6 2. c4 e6 3. Nc3 Bb4 4. Qc2 c5 5. e3 O-O 6. Nf3 b6 7. a3 Bxc3+ 8. bxc3
d5 9. a4 cxd4 10. cxd4 Ba6 11. Ba3 Re8 12. Ne5 Nbd7 13. Nc6 Qc7 14. cxd5 Qb7 15.
Bxa6 Qxa6 16. Nb4 Qa5 17. dxe6 Rac8 18. exf7+ Kxf7 19. Qb3+ Kg6 20. O-O Qh5 21.
Nd3 Kh6 22. Nf4 Qg4 23. Rac1 Rxc1 24. Rxc1 g5 25. h3 Qf5 26. Ne2 Ne4 27. f3 Nd2
28. Rc6+ Kg7 29. Ng3 Qxf3 30. gxf3 Nxb3 31. Rc7 Kg6 32. Rxd7 Rxe3 33. Kf2 Rc3 34.
Ne2 Rc4 35. Rxa7 Nxd4 36. Nxd4 Rxd4 37. Ra6 Rd2+ 38. Kg3 h5 39. Rxb6+ Kf5 40.
Rb5+ Kg6 41. Rxg5+ Kxg5 42. Bc1 h4# 0-1

[Event "PMPJ 2022 - C17"]
[Site "Jastrzebia Gora"]
[Date "2022.11.08"]
[Round "4.24"]
[White "Grochowski, Adam"]
[Black "Balcerzak, Robert"]
[Result "1-0"]
[BlackElo "1434"]
[WhiteElo "1204"]
[LiveChessVersion "1.4.8"]

1. c4 {[%clk 1:30:59]} Nf6 {[%clk 1:30:48]} 2. g3 {[%clk 1:31:21]} g6
{[%clk 1:31:11]} 3. Bg2 {[%clk 1:31:38]} Bg7 {[%clk 1:31:35]} 4. Nf3
{[%clk 1:31:56]} O-O {[%clk 1:31:59]} 5. O-O {[%clk 1:32:09]} d6 {[%clk 1:32:22]}
6. d3 {[%clk 1:30:21]} e5 {[%clk 1:32:41]} 7. Nc3 {[%clk 1:27:58]} Nbd7
{[%clk 1:32:50]} 8. a3 {[%clk 1:27:02]} a5 {[%clk 1:33:10]} 9. Bd2
{[%clk 1:26:48]} c6 {[%clk 1:26:21]} 10. e4 {[%clk 1:11:25]} Re8 {[%clk 1:15:18]}
11. Qc2 {[%clk 1:09:11]} Nf8 {[%clk 0:58:55]} 12. b4 {[%clk 1:00:44]} axb4
{[%clk 0:55:46]} 13. axb4 {[%clk 1:00:47]} Rxa1 {[%clk 0:45:57]} 14. Rxa1
{[%clk 1:01:13]} Bg4 {[%clk 0:42:36]} 15. b5 {[%clk 0:56:12]} Ne6
{[%clk 0:36:28]} 16. Ne2 {[%clk 0:44:07]} h5 {[%clk 0:28:43]} 17. bxc6
{[%clk 0:37:32]} bxc6 {[%clk 0:28:57]} 18. h3 {[%clk 0:35:39]} Bxf3
{[%clk 0:25:50]} 19. Bxf3 {[%clk 0:35:46]} g5 {[%clk 0:17:00]} 20. Bg2
{[%clk 0:33:42]} h4 {[%clk 0:14:11]} 21. g4 {[%clk 0:31:41]} Nf4 {[%clk 0:13:10]}
22. Bf1 {[%clk 0:30:01]} Qd7 {[%clk 0:08:00]} 23. f3 {[%clk 0:27:50]} Bf8
{[%clk 0:04:51]} 24. Nxf4 {[%clk 0:27:28]} exf4 {[%clk 0:03:04]} 25. Bc3
{[%clk 0:27:49]} Re6 {[%clk 0:01:31]} 26. d4 {[%clk 0:27:45]} d5 {[%clk 0:00:59]}
27. exd5 {[%clk 0:27:00]} cxd5 {[%clk 0:01:27]} 28. Qf5 {[%clk 0:25:16]} Bh6
{[%clk 0:00:53]} 29. Ra8+ {[%clk 0:18:37]} Kg7 {[%clk 0:00:57]} 30. cxd5
{[%clk 0:17:36]} Qxd5 {[%clk 0:01:01]} 31. Qxd5 {[%clk 0:17:03]} Nxd5
{[%clk 0:01:29]} 32. Bd2 {[%clk 0:17:24]} Rb6 {[%clk 0:00:36]} 33. Bc4
{[%clk 0:16:25]} Nf6 {[%clk 0:00:31]} 34. Ra7 {[%clk 0:16:42]} Rb2
{[%clk 0:00:33]} 35. Rxf7+ {[%clk 0:16:47]} Kg6 {[%clk 0:00:53]} 36. Be1
{[%clk 0:13:09]} Bg7 {[%clk 0:00:38]} 37. Re7 {[%clk 0:13:12]} Rb6
{[%clk 0:00:32]} 38. d5 {[%clk 0:12:55]} Rb1 {[%clk 0:00:31]} 39. Bd3+
{[%clk 0:13:08]} 1-0

[Event "PMPJ 2022 - C17"]
[Site "Jastrzebia Gora"]
[Date "2022.11.08"]
[Round "4.25"]
[White "Kreciglowa, Kamil"]
[Black "Holynski, Szymon"]
[Result "0-1"]
[BlackElo "1355"]
[WhiteElo "1282"]
[LiveChessVersion "1.4.8"]

1. e4 {[%clk 1:30:57]} e5 {[%clk 1:30:54]} 2. Nf3 {[%clk 1:31:23]} Nc6
{[%clk 1:30:50]} 3. Bc4 {[%clk 1:31:50]} Bc5 {[%clk 1:28:51]} 4. c3
{[%clk 1:32:16]} d6 {[%clk 1:27:01]} 5. a4 {[%clk 1:32:34]} a5 {[%clk 1:25:56]}
6. d3 {[%clk 1:32:23]} h6 {[%clk 1:24:35]} 7. Nbd2 {[%clk 1:32:08]} Be6
{[%clk 1:22:27]} 8. O-O {[%clk 1:29:39]} Nge7 {[%clk 1:17:44]} 9. Re1
{[%clk 1:26:54]} O-O {[%clk 1:12:59]} 10. Bxe6 {[%clk 1:25:20]} fxe6
{[%clk 1:13:00]} 11. Nf1 {[%clk 1:24:40]} Ng6 {[%clk 1:06:10]} 12. Qb3
{[%clk 1:19:29]} Qd7 {[%clk 0:58:43]} 13. Be3 {[%clk 1:18:22]} Bxe3
{[%clk 0:57:33]} 14. Nxe3 {[%clk 1:17:49]} Kh8 {[%clk 0:55:10]} 15. d4
{[%clk 1:16:21]} exd4 {[%clk 0:53:41]} 16. Nxd4 {[%clk 1:16:21]} Nxd4
{[%clk 0:54:04]} 17. cxd4 {[%clk 1:16:39]} Qf7 {[%clk 0:49:57]} 18. Re2
{[%clk 1:15:25]} Nf4 {[%clk 0:48:12]} 19. Rd2 {[%clk 1:15:35]} b6
{[%clk 0:45:35]} 20. Rc1 {[%clk 1:13:48]} Rac8 {[%clk 0:38:47]} 21. Nc2
{[%clk 1:08:55]} g5 {[%clk 0:27:29]} 22. Na3 {[%clk 1:06:04]} Qg6
{[%clk 0:22:32]} 23. g3 {[%clk 0:59:39]} Nh3+ {[%clk 0:20:32]} 24. Kg2
{[%clk 0:57:06]} g4 {[%clk 0:19:59]} 25. Re2 {[%clk 0:44:01]} Rf3
{[%clk 0:18:30]} 26. Qc2 {[%clk 0:39:36]} Rcf8 {[%clk 0:17:37]} 27. Rf1
{[%clk 0:37:54]} h5 {[%clk 0:16:12]} 28. e5 {[%clk 0:36:30]} Qf7 {[%clk 0:12:08]}
29. exd6 {[%clk 0:34:42]} cxd6 {[%clk 0:12:02]} 30. Nc4 {[%clk 0:34:35]} Qb7
{[%clk 0:09:30]} 31. Qe4 {[%clk 0:29:38]} Rxf2+ {[%clk 0:09:42]} 32. Rfxf2
{[%clk 0:29:58]} Rxf2+ {[%clk 0:10:07]} 33. Rxf2 {[%clk 0:29:58]} Qxe4+
{[%clk 0:10:28]} 34. Kf1 {[%clk 0:30:14]} Nxf2 {[%clk 0:10:37]} 0-1

[Event "PMPJ 2022 - C17"]
[Site "Jastrzebia Gora"]
[Date "2022.11.08"]
[Round "4.26"]
[White "Borzecki, Jakub"]
[Black "Bujnowski, Adam"]
[Result "1-0"]
[BlackElo "1130"]
[WhiteElo "1179"]
[LiveChessVersion "1.4.8"]

1. d4 Nf6 2. c4 e6 3. Nf3 Bb4+ 4. Bd2 Be7 5. Nc3 O-O 6. e4 d5 7. e5 Ne4 8. cxd5
exd5 9. Rc1 Bg4 10. Bd3 Nc6 11. Be3 f5 12. Nxd5 Bb4+ 13. Nxb4 Nxb4 14. Qb3+ Nd5
15. Bc4 c6 16. Qxb7 Bxf3 17. gxf3 Qa5+ 18. b4 Qa3 19. fxe4 f4 20. Bd2 Qf3 21.
Bxd5+ cxd5 22. Qxd5+ Kh8 23. Rg1 Rad8 24. Qb7 g6 25. Rc7 Qh3 26. Rxh7+ Qxh7 27.
Qxh7+ Kxh7 28. Bc3 Rc8 29. Kd2 Rc4 30. Rc1 Rd8 31. Kd3 Rdc8 32. d5 Rxb4 33. Bxb4
Rxc1 34. e6 Kg7 35. Bd2 Rd1 36. Ke2 Rb1 37. Bxf4 Rb2+ 38. Kf3 Kf6 39. e5+ Kf5 40.
e7 Rb8 41. d6 Ke6 42. Kg4 Rg8 43. Kg5 a6 44. Bg3 a5 45. Kf4 g5+ 46. Ke4 a4 47.
Kd4 Rc8 48. Ke4 Rc4+ 49. Kf3 g4+ 50. Kg2 Kd7 51. e6+ Ke8 52. d7+ Kxe7 53. Bh4+
1-0

[Event "PMPJ 2022 - C17"]
[Site "Jastrzebia Gora"]
[Date "2022.11.09"]
[Round "5.1"]
[White "Pieczulis, Blazej"]
[Black "Taranowicz, Michal"]
[Result "0-1"]
[BlackElo "1797"]
[WhiteElo "1693"]
[LiveChessVersion "1.4.8"]

1. d4 {[%clk 1:30:16]} Nf6 {[%clk 1:30:53]} 2. c4 {[%clk 1:30:41]} e5
{[%clk 1:31:17]} 3. dxe5 {[%clk 1:20:04]} Ng4 {[%clk 1:30:59]} 4. Nf3
{[%clk 1:18:57]} Bc5 {[%clk 1:31:25]} 5. e3 {[%clk 1:18:25]} Nc6 {[%clk 1:31:50]}
6. Bd2 {[%clk 1:03:52]} Ncxe5 {[%clk 1:29:44]} 7. Nxe5 {[%clk 1:03:34]} Nxe5
{[%clk 1:30:08]} 8. b4 {[%clk 1:02:33]} Be7 {[%clk 1:29:51]} 9. Bc3
{[%clk 1:02:51]} Bf6 {[%clk 1:24:57]} 10. Be2 {[%clk 1:02:15]} d6
{[%clk 1:23:47]} 11. Qc2 {[%clk 1:01:07]} Be6 {[%clk 1:22:59]} 12. Nd2
{[%clk 1:01:16]} O-O {[%clk 1:22:15]} 13. O-O {[%clk 1:01:20]} Nd7
{[%clk 1:21:12]} 14. Ne4 {[%clk 0:59:15]} Bxc3 {[%clk 1:21:07]} 15. Qxc3
{[%clk 0:59:27]} f5 {[%clk 1:19:37]} 16. Ng3 {[%clk 0:58:55]} a5 {[%clk 1:19:39]}
17. a3 {[%clk 0:59:04]} Qe7 {[%clk 1:13:19]} 18. Bd3 {[%clk 0:50:16]} f4
{[%clk 1:10:00]} 19. exf4 {[%clk 0:49:02]} Rxf4 {[%clk 1:10:08]} 20. Rfe1
{[%clk 0:47:36]} Qf7 {[%clk 1:09:34]} 21. Ne4 {[%clk 0:46:34]} h6
{[%clk 1:09:09]} 22. f3 {[%clk 0:42:55]} Ne5 {[%clk 0:45:51]} 23. c5
{[%clk 0:36:39]} Qg6 {[%clk 0:37:47]} 24. Be2 {[%clk 0:27:39]} Raf8
{[%clk 0:30:20]} 25. Kh1 {[%clk 0:24:37]} Bd5 {[%clk 0:27:47]} 26. Nd2
{[%clk 0:23:19]} Rh4 {[%clk 0:21:46]} 27. Qe3 {[%clk 0:17:11]} axb4
{[%clk 0:15:53]} 28. axb4 {[%clk 0:16:47]} Rxb4 {[%clk 0:16:14]} 29. cxd6
{[%clk 0:15:12]} cxd6 {[%clk 0:16:35]} 30. Rad1 {[%clk 0:15:02]} Bc6
{[%clk 0:13:33]} 31. Qc3 {[%clk 0:10:08]} Rh4 {[%clk 0:13:14]} 32. Nf1
{[%clk 0:08:33]} Rhf4 {[%clk 0:11:10]} 33. Ng3 {[%clk 0:06:30]} h5
{[%clk 0:10:43]} 34. Nf1 {[%clk 0:05:12]} Nxf3 {[%clk 0:08:53]} 35. Bc4+
{[%clk 0:03:09]} Kh8 {[%clk 0:08:45]} 36. Re6 {[%clk 0:02:28]} Ne1
{[%clk 0:05:55]} 37. Qg3 {[%clk 0:00:34]} Rxf1+ {[%clk 0:06:13]} 38. Bxf1
{[%clk 0:01:02]} Rxf1# {[%clk 0:06:36]} 0-1

[Event "PMPJ 2022 - C17"]
[Site "Jastrzebia Gora"]
[Date "2022.11.09"]
[Round "5.2"]
[White "Karut, Kacper"]
[Black "Kozlowski, Franciszek"]
[Result "1/2-1/2"]
[BlackElo "1842"]
[WhiteElo "1794"]
[LiveChessVersion "1.4.8"]

1. Nf3 {[%clk 1:30:40]} Nf6 {[%clk 1:30:38]} 2. b3 {[%clk 1:30:37]} b6
{[%clk 1:30:32]} 3. Bb2 {[%clk 1:26:58]} Bb7 {[%clk 1:30:40]} 4. e3
{[%clk 1:26:33]} e6 {[%clk 1:30:42]} 5. d4 {[%clk 1:25:02]} d5 {[%clk 1:27:58]}
6. Bd3 {[%clk 1:17:31]} Nbd7 {[%clk 1:27:20]} 7. O-O {[%clk 1:16:37]} Be7
{[%clk 1:26:04]} 8. Nbd2 {[%clk 1:14:57]} O-O {[%clk 1:18:09]} 9. Ne5
{[%clk 1:06:46]} Nxe5 {[%clk 1:14:05]} 10. dxe5 {[%clk 1:07:06]} Ne4
{[%clk 1:13:05]} 11. Rc1 {[%clk 0:53:01]} f5 {[%clk 1:08:18]} 12. Nxe4
{[%clk 0:51:53]} dxe4 {[%clk 1:07:06]} 13. Bc4 {[%clk 0:50:03]} Bd5
{[%clk 1:07:31]} 14. Qe2 {[%clk 0:47:12]} Bxc4 {[%clk 1:07:18]} 15. Qxc4
{[%clk 0:47:04]} Kf7 {[%clk 1:04:54]} 16. Rcd1 {[%clk 0:44:11]} Qc8
{[%clk 1:00:30]} 17. Rd2 {[%clk 0:35:27]} Rd8 {[%clk 1:00:10]} 18. Rfd1
{[%clk 0:35:36]} Rxd2 {[%clk 0:53:43]} 19. Rxd2 {[%clk 0:36:01]} c5
{[%clk 0:51:43]} 20. Qb5 {[%clk 0:32:57]} Qe8 {[%clk 0:51:39]} 21. Qxe8+
{[%clk 0:31:43]} Kxe8 {[%clk 0:52:02]} 22. c4 {[%clk 0:30:50]} Rd8
{[%clk 0:52:21]} 23. Rxd8+ {[%clk 0:31:16]} Bxd8 {[%clk 0:52:23]} 24. f4
{[%clk 0:30:10]} Kd7 {[%clk 0:50:33]} 25. Kf2 {[%clk 0:30:01]} Kc6
{[%clk 0:50:02]} 26. a4 {[%clk 0:29:49]} a6 {[%clk 0:50:20]} 27. Bc3
{[%clk 0:29:42]} b5 {[%clk 0:50:42]} 28. g3 {[%clk 0:29:19]} b4 {[%clk 0:49:36]}
29. Bd2 {[%clk 0:29:31]} Kd7 {[%clk 0:49:54]} 30. Kg2 {[%clk 0:29:23]} Ke7
{[%clk 0:50:04]} 1/2-1/2